00230nam a2200097Ia 4500008004100000041000800041082001400049100002300063245003400086260001200120230306s9999 xx 000 0 und d aeng a621.38195 aSuresh K. Basandra aManagement Information System bWHEELER